00478nam a2200145Ia 4500008004100000020001800041082001900059100002100078245005400099260003100153300000900184942001200193999001900205952010800224210430s9999 xx 000 0 und d a9780470267639 a333.79 H 155 D aJay Hakes954070 2aA Declaration of Energy Independence /cJay Hakes aAmericabJohn Wiley c2008 a252p cBK2ddc c564531d564531 001040708NFICaSCMEbSCMEcGENd0006-06-11l0o333.79 H 155 DpSCME-3748r2021-04-30w2021-04-30yBK